Energy budget in the high energy universe (Record no. 61088)

MARC details
000 -LEADER
fixed length control field 02035nam a2200373Ia 4500
001 - CONTROL NUMBER
control field vtls003209863
003 - CONTROL NUMBER IDENTIFIER
control field MY-SjTCS
005 - DATE AND TIME OF LATEST TRANSACTION
control field 20200306170244.0
006 - FIXED-LENGTH DATA ELEMENTS--ADDITIONAL MATERIAL CHARACTERISTICS
fixed length control field m u
007 - PHYSICAL DESCRIPTION FIXED FIELD--GENERAL INFORMATION
fixed length control field cr cn|||||||||
008 - FIXED-LENGTH DATA ELEMENTS--GENERAL INFORMATION
fixed length control field 100906s2007 si a sb 100 0 eng d
020 ## - INTERNATIONAL STANDARD BOOK NUMBER
Canceled/invalid ISBN 9789812700100
020 ## - INTERNATIONAL STANDARD BOOK NUMBER
Canceled/invalid ISBN 9812700102
035 ## - SYSTEM CONTROL NUMBER
System control number (CaPaEBR)ebr10188804
039 #9 - LEVEL OF BIBLIOGRAPHIC CONTROL AND CODING DETAIL [OBSOLETE]
-- 201009061636
-- VLOAD
040 ## - CATALOGING SOURCE
Original cataloging agency CaPaEBR
Transcribing agency CaPaEBR
050 14 - LIBRARY OF CONGRESS CALL NUMBER
Classification number QC484.8
Item number .I64 2006eb
111 2# - MAIN ENTRY--MEETING NAME
Meeting name or jurisdiction name as entry element International Workshop on Energy Budget in the High Energy Universe
Date of meeting or treaty signing (2006 :
Location of meeting Institute for Cosmic Ray Research)
9 (RLIN) 282023
245 10 - TITLE STATEMENT
Title Energy budget in the high energy universe
Medium [electronic resource] :
Remainder of title proceedings of the International Workshop, Kashiwa, Japan, 22-24 February 2006 /
Statement of responsibility, etc. editors, Katsuhiko Sato, Junji Hisano.
260 ## - PUBLICATION, DISTRIBUTION, ETC.
Place of publication, distribution, etc. Singapore ;
-- Hackensack, NJ :
Name of publisher, distributor, etc. World Scientific,
Date of publication, distribution, etc. c2007.
300 ## - PHYSICAL DESCRIPTION
Extent xii, 398 p. :
Other physical details ill.
500 ## - GENERAL NOTE
General note "The International Workshop on Energy Budget in the High Energy Universe was held February 22-24 at Institute of Cosmic Ray Research, Kashiwa campus of the University of Tokyo. This workshop in fourth in the series of international workshops of the 21th century COE program 'Quantum Extreme Systems and their Symmetries' of the University of Tokyo."--Preface.
504 ## - BIBLIOGRAPHY, ETC. NOTE
Bibliography, etc. note Includes bibliographical references.
529 ## -
-- TSLHHL
533 ## - REPRODUCTION NOTE
Type of reproduction Electronic reproduction.
Place of reproduction Palo Alto, Calif. :
Agency responsible for reproduction ebrary,
Date of reproduction 2009.
Note about reproduction Available via World Wide Web.
-- Access may be limited to ebrary affiliated libraries.
650 #0 - SUBJECT ADDED ENTRY--TOPICAL TERM
Topical term or geographic name entry element Cosmic rays
Form subdivision Congresses.
9 (RLIN) 282024
650 #0 - SUBJECT ADDED ENTRY--TOPICAL TERM
Topical term or geographic name entry element Gamma ray astronomy
Form subdivision Congresses.
9 (RLIN) 282025
655 #7 - INDEX TERM--GENRE/FORM
Genre/form data or focus term Electronic books.
Source of term local
9 (RLIN) 201578
700 1# - ADDED ENTRY--PERSONAL NAME
Personal name Sato, K.
9 (RLIN) 282026
700 1# - ADDED ENTRY--PERSONAL NAME
Personal name Hisano, Junji.
9 (RLIN) 282027
710 2# - ADDED ENTRY--CORPORATE NAME
Corporate name or jurisdiction name as entry element Tokyo Daigaku.
Subordinate unit Institute for Cosmic Ray Research.
9 (RLIN) 282028
710 2# - ADDED ENTRY--CORPORATE NAME
Corporate name or jurisdiction name as entry element ebrary, Inc.
9 (RLIN) 25628
856 40 - ELECTRONIC LOCATION AND ACCESS
Uniform Resource Identifier https://ezproxy.taylors.edu.my/login?url=http://site.ebrary.com/lib/taylorscollege/Doc?id=10188804
Public note An electronic book accessible through the World Wide Web; click to view
Holdings
Withdrawn status Lost status Damaged status Not for loan Home library Current library Date acquired Total Checkouts Date last seen Price effective from Koha item type
      e-book Taylor's Library-TU Taylor's Library-TU 02/03/2026   02/03/2026 02/03/2026 E-Book